Total War: Warhammer 3 All Legendary Lords - Statistics

General Stats
  • This quiz has been taken 163 times
    123 since last reset
  • The average score is 56 of 100
Answer Stats
Hint Answer % Correct
The Empire Karl Franz
88%
High Elves Tyrion
81%
The Empire Balthasar Gelt
79%
Khorne Skarbrand the Exiled
79%
Tzeench The Changeling
79%
Vampire Counts Vlad von Carstein
79%
Warriors of Chaos Archaon the Everchosen
77%
Tzeench Kairos Fateweaver
75%
Tomb Kings Settra the Imperishable
75%
Dwarfs Thorgrim Grudgebearer
75%
Vampire Counts Isabella von Carstein
73%
Nurgle Ku'gath Plaguefather
73%
High Elves Teclis
73%
Dark Elves Malekith
71%
Vampire Counts Mannfred von Carstein
71%
Khorne Skulltaker
71%
The Empire Volkmar the Grim
71%
Greenskins Grom the Paunch
69%
Dark Elves Morathi
69%
Kislev Boris Ursus
67%
Slaanesh N'Kari
65%
Wood Elves Orion
65%
Skaven Queek Headtaker
65%
Bretonnia The Fay Enchantress
65%
Warriors of Chaos Festus the Leechlord
63%
Skaven Ikit Claw
63%
Greenskins Skarsnik
63%
Kislev Tzarina Katarin
63%
Warriors of Chaos Valkia the Bloody
63%
High Elves Alarielle the Radiant
62%
Lizardmen Lord Mazdamundi
62%
Warriors of Chaos Sigvald the Magnificent
62%
Grand Cathay Yuan Bo, the Jade Dragon
62%
Tomb Kings Arkhan the Black
60%
Wood Elves Durthu
60%
Lizardmen Gor-Rok
60%
Ogre Kingdoms Greasus Goldtooth
60%
Greenskins Grimgor Ironhide
60%
Beastman Taurox the Brass Bull
60%
Norsca Throgg
60%
Warriors of Chaos Be'lakor
58%
Dwarfs Belegar Ironhammer
58%
The Empire Elspeth von Draken
58%
Beastman Khazrak the One-Eye
58%
Bretonnia Louen Leoncoeur
58%
Grand Cathay Miao Ying, the Storm Dragon
58%
Bretonnia Repanse de Lyonesse
58%
Dwarfs Ungrim Ironfist
58%
Norsca Wulfrik the Wanderer
58%
Grand Cathay Zhao Ming, the Iron Dragon
58%
Skaven Deathmaster Snikch
56%
Dwarfs Grombrindal
56%
Wood Elves Sisters of Twilight
56%
Demons of Chaos The Daemon Prince
56%
Bretonnia Alberic de Bordeleaux
54%
Khorne Arbaal the Undefeated
54%
High Elves Imrik
54%
Lizardmen Kroq-Gar
54%
Nurgle Tamurkhan the Maggot Lord
54%
Kislev Kostaltyn
52%
Dwarfs Malakai Makaisson
52%
Lizardmen Nakai the Wanderer
52%
Skaven Tretch Craventail
52%
Greenskins Wurrzag da Great Green Prophet
52%
Greenskins Azhag the Slaughterer
50%
Wood Elves Drycha
50%
High Elves Eltharion
50%
Ogre Kingdoms Golgfag Maneater
50%
The Empire Markus Wulfhart
50%
Warriors of Chaos Vilitch the Curseling
50%
Vampire Coast Count Noctilus
48%
Vampire Counts Helman Ghorst
48%
Warriors of Chaos Kholek Suneater
48%
Vampire Coast Luthor Harkon
48%
Dark Elves Malus Darkblade
48%
Ogre Kingdoms Skrag the Slaughterer
48%
Dwarfs Thorek Ironbrow
48%
Tomb Kings High Queen Khalida
46%
Dark Elves Rakarth
46%
High Elves Alith Anar
44%
Vampire Coast Aranessa Saltspire
44%
Chaos Dwarfs Astragoth Ironnhand
44%
Nurgle Epidemius
44%
Vampire Counts Heinrich Kemmler
44%
Skaven Lord Skrolk
44%
Beastman Malagor the Dark Omen
44%
Skaven Throt the Uncelan
44%
Warriors of Chaos Azazel
42%
Kislev Mother Ostankya
42%
Lizardmen Tehenhauin
40%
Greenskins Gorbad Ironclaw
38%
Tomb Kings Grand Hierophant Khatep
38%
Beastman Morghur the Shadowgave
38%
Lizardmen Oxyotl
38%
Lizardmen Tiktaq'to
38%
Dark Elves Crone Hellborn
37%
Chaos Dwarfs Drazhoath the Ashen
37%
Dark Elves Lokhir Fellhart
37%
Chaos Dwarfs Zhatan the Black
37%
Vampire Coast Cylostra Direfin
33%
No matching quizzes found
Score Distribution
Percent of People with Each Score
Percentile by Number Answered
Your Score History
You have not taken this quiz since the last reset